• 首页
  • 本馆介绍
  • 公告通知
  • 最新文献
  • 馆藏检索
  • 电子资源
  • 读者导购
  • 参考咨询
  • 我的图书馆
  • 登录
  • 详细信息显示
  • 放入我的书架
  • 预约/预借图书
  • 作者相关作品
  • 分类相关作品
  • 丛书相关作品
  • 出版社相关作品

书目信息

  • 表格格式
  • 工作单格式
  • 卡片格式
题名:
高中理科解题策略与能力提升
    
 
作者: 张小勇 , 夏茂林 , 彭小敏 主编
分册:   生物篇
出版信息: 北京   科学出版社  2020.5
页数: 309页
开本: 26cm
丛书名:
单 册:
中图分类: G633.7 , G634.915
科图分类:
主题词: 理科(教育)--高中--教学参考资料 , 生物课--高中--题解
电子资源:
ISBN: 978-7-03-064701-6
000 00962nam0 2200277 45
001 012001001547
005 20140914104049.0
010    @a978-7-03-064701-6@dCNY59.00
100    @a20201020d2020 em y0chiy50 ea
101 0  @achi
102    @aCN@b110000
105    @aa z 000yy
106    @ar
200 1  @a高中理科解题策略与能力提升@Agao zhong li ke jie ti ce lue yu neng li ti sheng@i生物篇@b专著@f张小勇,夏茂林,彭小敏主编
210    @a北京@c科学出版社@d2020.5
215    @a309页@c图@d26cm
330    @a本书内容包括细胞的分子组成与基本结构、细胞的代谢、细胞的生命历程、遗传的细胞基础、遗传的分子基础、遗传规律等。
606 0  @a理科(教育)@x高中@j教学参考资料
606 0  @a生物课@x高中@j题解
690    @aG633.7@v5
690    @aG634.915@v5
701  0 @a张小勇@Azhang xiao yong@c(生物)@4主编
701  0 @a夏茂林@Axia mao lin@4主编
701  0 @a彭小敏@Apeng xiao min@4主编
801  0 @aCN@bBJSDL@c20211011
905    @b1336242-6@dG633.7@e503@f5
    
    高中理科解题策略与能力提升.生物篇/张小勇,夏茂林,彭小敏主编.-北京:科学出版社,2020.5
    309页:图;26cm
    
    
    ISBN 978-7-03-064701-6:CNY59.00
    本书内容包括细胞的分子组成与基本结构、细胞的代谢、细胞的生命历程、遗传的细胞基础、遗传的分子基础、遗传规律等。
●
相关链接 在E读中查询图书 在五车中查询图书 在当当中查询图书 在豆瓣中查询图书


正题名:高中理科解题策略与能力提升     索取号:G633.7/503         预约/预借

序号 登录号 条形码 馆藏地/架位号 状态 备注
1 1336242   213362421   第一样本阅览室/ [索取号:G633.7/503] 在馆    
2 1336243   213362430   第四借阅区/ [索取号:G633.7/503] 在馆    
3 1336244   213362449   第四借阅区/ [索取号:G633.7/503] 在馆    
4 1336245   213362458   第四借阅区/ [索取号:G633.7/503] 在馆    
5 1336246   213362467   第四借阅区/ [索取号:G633.7/503] 在馆    
唐山师范学院图书馆 欢迎您!
大连网信软件有限公司© 版权所有